00756nam a22001937a 450000500170000001000130001702000230003003500130005303700290006608200060009510000200010124501600012126000440028127000640032530000200038994200200040999900190042995201140044820180712183949.0 aB-168212 a8187671394c250.00 aB-168212 bWestland books pvt. ltd. aS a Canfield, Jack aChiken soup to inspire a woman's soul:bstories celebration the wisdom, fun and freedom of midlifecjack canfield, Mark Victor Handen[and] Stephanie Maston aChennaibWestland books pvt. ltd.c2004 a571, P.H. Road, Aminikarai, Chennai-600029bChennaie600029 a350p.c22cm()pb 2ddccENhSmCAN c153942d153942 001040708FICaZLSbZLSd2018-07-12l8m9oS CANpB-168212r2024-01-08 00:00:00s2023-12-01w2018-07-12yEN